[Event "GBR-ch111 Over 65"]
[Site "Liverpool"]
[Date "2025.08.05"]
[Round "2.15"]
[White "Jerome, Stellio"]
[Black "Hughes, Roy"]
[Result "0-1"]
[WhiteElo "1669"]
[BlackElo "2019"]
[PlyCount "116"]
[EventDate "2025.08.04"]
[EventType "swiss"]
[EventRounds "7"]
[EventCountry "GBR"]
[SourceTitle "BritBase"]
[Source "John Saunders"]
[SourceDate "2025.08.11"]
[SourceVersion "1"]
[SourceVersionDate "2025.08.11"]
[SourceQuality "1"]

1. f4 d5 2. e3 Nf6 3. Nf3 Bf5 4. Be2 e6 5. O-O Be7 6. d3 h6 7. Ne5 Nc6 8. Nxc6 bxc6 9. Nd2 O-O 10. Nf3 Qd6 11. b3 Nd7 12. Bb2 Bf6 13. Bxf6 Nxf6 14. Ne5 Nd7 15. Nxd7 Qxd7 16. Bf3 Rad8 17. Qe2 Qe7 18. a4 a5 19. Rac1 Qb4 20. Qe1 Qb6 21. Kh1 Bh7 22. e4 Rfe8 23. Qf2 c5 24. e5 Qb4 25. Bg4 Re7 26. Qe1 Qxe1 27. Rfxe1 Rb8 28. Re2 Rb4 29. g3 Re8 30. Rf2 Reb8 31. Bd1 c4 32. dxc4 dxc4 33. c3 R4b6 34. bxc4 Rb1 35. Rxb1 Rxb1 36. Rd2 Be4+ 37. Kg1 Bf3 38. Kf2 Rxd1 39. Rb2 Bc6 40. Rb8+ Kh7 41. Rc8 Rd7 42. Ke3 Bxa4 43. Ra8 Bb3 44. Rxa5 Bxc4 45. Rc5 Bb3 46. Rb5 Bc2 47. Rc5 Kg6 48. h4 h5 49. Rc6 Kf5 50. c4 Kg4 51. c5 Bd3 52. Rd6 cxd6 53. exd6 Bb5 54. Kd4 Kxg3 55. Ke5 Kxh4 56. f5 Bc6 57. fxe6 fxe6 58. Kxe6 g5 0-1

[Event "GBR-ch111 Over 65"]
[Site "Liverpool"]
[Date "2025.08.05"]
[Round "2.16"]
[White "Erdogan, Hassan"]
[Black "Pickles, Stephen"]
[Result "0-1"]
[WhiteElo "1792"]
[BlackElo "2280"]
[PlyCount "68"]
[EventDate "2025.08.04"]
[EventType "swiss"]
[EventRounds "7"]
[EventCountry "GBR"]
[SourceTitle "BritBase"]
[Source "John Saunders"]
[SourceDate "2025.08.11"]
[SourceVersion "1"]
[SourceVersionDate "2025.08.11"]
[SourceQuality "1"]

1. d4 Nf6 2. Bg5 c5 3. d5 Qb6 4. Bc1 g6 5. Nc3 Bg7 6. e4 d6 7. Bb5+ Nbd7 8. Nf3 O-O 9. Be2 a6 10. O-O Qc7 11. a4 Rb8 12. Be3 b6 13. Qd2 Ng4 14. Bg5 Nde5 15. Nxe5 Bxe5 16. h3 Nf6 17. f3 e6 18. dxe6 fxe6 19. Be3 Bb7 20. Bc4 Rbe8 21. Bh6 Rf7 22. g4 d5 23. exd5 Bd4+ 24. Kg2 exd5 25. Bd3 Rfe7 26. Rae1 Qd7 27. Nd1 Be5 28. c3 Qxa4 29. Qg5 Kf7 30. f4 Bd6 31. Rxe7+ Rxe7 32. f5 d4+ 33. Kg1 Qc6 34. fxg6+ Ke8 0-1

[Event "GBR-ch111 Over 65"]
[Site "Liverpool"]
[Date "2025.08.05"]
[Round "2.17"]
[White "Chapman, Terry P D"]
[Black "Hawkins, James N"]
[Result "1-0"]
[WhiteElo "2263"]
[BlackElo "1908"]
[PlyCount "61"]
[EventDate "2025.08.04"]
[EventType "swiss"]
[EventRounds "7"]
[EventCountry "GBR"]
[SourceTitle "BritBase"]
[Source "John Saunders"]
[SourceDate "2025.08.11"]
[SourceVersion "1"]
[SourceVersionDate "2025.08.11"]
[SourceQuality "1"]

1. Nf3 Nf6 2. c4 e6 3. g3 b6 4. Bg2 Bb7 5. O-O Be7 6. b3 O-O 7. Bb2 d5 8. e3 c5 9. Nc3 Nc6 10. cxd5 exd5 11. d4 Rb8 12. Re1 Re8 13. Rc1 cxd4 14. exd4 Bf8 15. Rxe8 Qxe8 16. Nh4 Rd8 17. Nf5 Ne7 18. Ne3 Qd7 19. Qd3 Bc6 20. a4 Nc8 21. Qf5 Qxf5 22. Nxf5 g6 23. Ne3 Ba8 24. Ncxd5 Bxd5 25. Bxd5 Nxd5 26. Nxd5 Rxd5 27. Rxc8 Kg7 28. Rc7 a6 29. Rc6 Rd6 30. d5+ Kh6 31. Ba3 1-0

[Event "GBR-ch111 Over 65"]
[Site "Liverpool"]
[Date "2025.08.05"]
[Round "2.18"]
[White "Pritchett, Craig W"]
[Black "Moore, Gerald"]
[Result "1-0"]
[WhiteElo "2181"]
[BlackElo "1928"]
[PlyCount "74"]
[EventDate "2025.08.04"]
[EventType "swiss"]
[EventRounds "7"]
[EventCountry "GBR"]
[SourceTitle "BritBase"]
[Source "John Saunders"]
[SourceDate "2025.08.11"]
[SourceVersion "1"]
[SourceVersionDate "2025.08.11"]
[SourceQuality "1"]

1. e4 c5 2. Nf3 Nc6 3. Bb5 Nf6 4. Nc3 g6 5. O-O Bg7 6. Re1 O-O 7. h3 a6 8. Bxc6 dxc6 9. e5 Nd5 10. Ne4 b6 11. d3 Bf5 12. Ng3 Qd7 13. Qe2 Nc7 14. Bd2 Be6 15. Ne4 Bd5 16. c4 Bxe4 17. Qxe4 f5 18. exf6 exf6 19. d4 Rae8 20. Qh4 cxd4 21. Qxd4 Qxd4 22. Nxd4 c5 23. Nc6 f5 24. Bf4 Re6 25. Ne7+ Kf7 26. Nxf5 gxf5 27. Bxc7 Rfe8 28. Kf1 b5 29. cxb5 axb5 30. Rxe6 Rxe6 31. Rb1 c4 32. a3 Re4 33. Ba5 Ke6 34. Bc3 Bd4 35. f3 Rf4 36. Bd2 Rh4 37. Bc3 Rf4 1-0

[Event "GBR-ch111 Over 65"]
[Site "Liverpool"]
[Date "2025.08.05"]
[Round "2.19"]
[White "Hardman, Michael J"]
[Black "Goodwin, Ed H"]
[Result "1/2-1/2"]
[WhiteElo "2057"]
[BlackElo "1827"]
[PlyCount "69"]
[EventDate "2025.08.04"]
[EventType "swiss"]
[EventRounds "7"]
[EventCountry "GBR"]
[SourceTitle "BritBase"]
[Source "John Saunders"]
[SourceDate "2025.08.11"]
[SourceVersion "1"]
[SourceVersionDate "2025.08.11"]
[SourceQuality "1"]

1. e4 e6 2. d4 d5 3. e5 c5 4. c3 Nc6 5. Nf3 Nge7 6. a3 cxd4 7. cxd4 Nf5 8. Be3 Be7 9. Be2 Nxe3 10. fxe3 Bh4+ 11. g3 Be7 12. O-O O-O 13. Nc3 f5 14. Rc1 Bd7 15. b4 Rc8 16. Qb3 Be8 17. Na4 b6 18. Nb2 Nb8 19. Nd3 Bb5 20. Nf4 Bxe2 21. Nxe2 g5 22. Rxc8 Qxc8 23. Rc1 Qd7 24. Qc3 Qb5 25. Rc2 Rd8 26. Kf2 Kf7 27. Qc7 Qd7 28. Qc3 Qb5 29. Ne1 Qd7 30. Nd3 Kg6 31. Qc7 Na6 32. Qxd7 Rxd7 33. Rc6 Kf7 34. b5 Rc7 35. Rxc7 1/2-1/2

[Event "GBR-ch111 Over 65"]
[Site "Liverpool"]
[Date "2025.08.05"]
[Round "2.20"]
[White "Jackson, Sheila"]
[Black "Newton, Robert A"]
[Result "1/2-1/2"]
[WhiteElo "2046"]
[BlackElo "1851"]
[PlyCount "81"]
[EventDate "2025.08.04"]
[EventType "swiss"]
[EventRounds "7"]
[EventCountry "GBR"]
[SourceTitle "BritBase"]
[Source "John Saunders"]
[SourceDate "2025.08.11"]
[SourceVersion "1"]
[SourceVersionDate "2025.08.11"]
[SourceQuality "1"]

1. e4 g6 2. d4 Bg7 3. Nc3 d6 4. Be3 c6 5. h3 Nd7 6. Nf3 Qc7 7. Bc4 h6 8. a4 b6 9. O-O a6 10. Qd2 Bb7 11. Nh2 e6 12. f3 Ne7 13. Rf2 h5 14. Rd1 b5 15. axb5 axb5 16. Bd3 b4 17. Ne2 Qa5 18. Nf1 h4 19. c3 bxc3 20. bxc3 d5 21. Rb1 Ba6 22. Nc1 Bxd3 23. Qxd3 Qc7 24. Rfb2 Ra7 25. Nb3 f6 26. Nfd2 Kf7 27. c4 Ra3 28. cxd5 cxd5 29. Rc2 Qd6 30. Rbc1 Rb8 31. Rc3 Bf8 32. Nc5 Rxc3 33. Rxc3 Nxc5 34. Rxc5 Ra8 35. Nb3 dxe4 36. fxe4 Qg3 37. Qd2 Nc8 38. Rc2 Bd6 39. e5 fxe5 40. Qf2+ Kg7 41. Qxg3 1/2-1/2

[Event "GBR-ch111 Over 65"]
[Site "Liverpool"]
[Date "2025.08.05"]
[Round "2.21"]
[White "Robinson, David"]
[Black "Moore, Geoffrey R"]
[Result "1/2-1/2"]
[WhiteElo "1784"]
[BlackElo "1996"]
[PlyCount "168"]
[EventDate "2025.08.04"]
[EventType "swiss"]
[EventRounds "7"]
[EventCountry "GBR"]
[SourceTitle "BritBase"]
[Source "John Saunders"]
[SourceDate "2025.08.11"]
[SourceVersion "1"]
[SourceVersionDate "2025.08.11"]
[SourceQuality "1"]

1. e4 c5 2. d3 Nc6 3. Nc3 g6 4. g3 Bg7 5. Bg2 e6 6. Be3 d6 7. h3 Nge7 8. Qd2 Nd4 9. Nge2 Nec6 10. a3 O-O 11. O-O Rb8 12. Rab1 Bd7 13. Rfc1 Re8 14. f4 e5 15. Nd5 Bxh3 16. Kf2 Nxe2 17. Qxe2 Be6 18. c4 exf4 19. Nxf4 Nd4 20. Qd1 Qd7 21. Bf3 Rf8 22. Qh1 Nxf3 23. Kxf3 f5 24. Nxe6 fxe4+ 25. Ke2 exd3+ 26. Kxd3 Qxe6 27. Qd5 Qxd5+ 28. cxd5 Rf3 29. Ke2 Rxe3+ 30. Kxe3 Bh6+ 31. Kd3 Bxc1 32. Rxc1 Re8 33. b4 b6 34. Rf1 Kg7 35. Rf3 Re5 36. Kc4 g5 37. Rd3 g4 38. Kb5 Kf6 39. Kc6 Ke7 40. b5 Re4 41. Kc7 h5 42. a4 c4 43. Rc3 Kf6 44. Kxd6 Rd4 45. Kc6 Ke5 46. Re3+ Re4 47. Rxe4+ Kxe4 48. d6 c3 49. d7 c2 50. d8=Q c1=Q+ 51. Kb7 Qc3 52. Kxa7 Qxg3 53. Qxb6 Qf3 54. Qe6+ Kd3 55. Qd6+ Ke2 56. Qh2+ Kf1 57. Qxh5 Qe3+ 58. Ka6 g3 59. Qd1+ Kf2 60. Qc2+ Ke1 61. b6 Qe6 62. Ka7 Qd5 63. Qc3+ Kf2 64. b7 Qd7 65. Qc2+ Kf1 66. Qc4+ Ke1 67. Ka8 g2 68. b8=Q g1=Q 69. Qb1+ Qd1 70. Qce4+ Kf2 71. Qbc2+ Qxc2 72. Qxc2+ Kf3 73. Qd3+ Kf4 74. Qd6+ Kf3 75. Qd5+ Kf4 76. a5 Qa1 77. Qd6+ Kg4 78. a6 Qh8+ 79. Kb7 Qh7+ 80. Kc8 Qh8+ 81. Kc7 Qc3+ 82. Qc6 Qe5+ 83. Kb7 Qe7+ 84. Qc7 Qb4+ 1/2-1/2

[Event "GBR-ch111 Over 65"]
[Site "Liverpool"]
[Date "2025.08.05"]
[Round "2.22"]
[White "Gregg, Alan M"]
[Black "Clark, Robert G"]
[Result "1/2-1/2"]
[WhiteElo "1930"]
[BlackElo "1991"]
[PlyCount "55"]
[EventDate "2025.08.04"]
[EventType "swiss"]
[EventRounds "7"]
[EventCountry "GBR"]
[SourceTitle "BritBase"]
[Source "John Saunders"]
[SourceDate "2025.08.11"]
[SourceVersion "1"]
[SourceVersionDate "2025.08.11"]
[SourceQuality "1"]

1. e4 e6 2. d4 d5 3. Nd2 Nf6 4. Bd3 c5 5. e5 Nfd7 6. c3 Nc6 7. Ndf3 cxd4 8. cxd4 Bb4+ 9. Bd2 Qa5 10. Ne2 Bxd2+ 11. Qxd2 Qxd2+ 12. Kxd2 f6 13. exf6 gxf6 14. Bb5 Ke7 15. Rhe1 Kd6 16. Nh4 Nf8 17. f4 Ng6 18. Nf3 Nge7 19. Bd3 Bd7 20. Nc3 Nd8 21. Rac1 a6 22. a4 Ndc6 23. b3 Rae8 24. Na2 Ng6 25. g3 e5 26. dxe5+ fxe5 27. fxe5+ Ngxe5 28. Nxe5 1/2-1/2

[Event "GBR-ch111 Over 65"]
[Site "Liverpool"]
[Date "2025.08.05"]
[Round "2.23"]
[White "Wager, John D"]
[Black "Butterworth, Joe W"]
[Result "1-0"]
[WhiteElo "1972"]
[BlackElo "1692"]
[PlyCount "49"]
[EventDate "2025.08.04"]
[EventType "swiss"]
[EventRounds "7"]
[EventCountry "GBR"]
[SourceTitle "BritBase"]
[Source "John Saunders"]
[SourceDate "2025.08.11"]
[SourceVersion "1"]
[SourceVersionDate "2025.08.11"]
[SourceQuality "1"]

1. d4 d5 2. Nf3 Nf6 3. Bg5 e6 4. Nbd2 Be7 5. c3 Nbd7 6. e3 O-O 7. Bd3 b6 8. O-O Bb7 9. Qe2 Ne4 10. Bxe7 Qxe7 11. Rad1 c5 12. Ne5 Ndf6 13. f3 Nxd2 14. Rxd2 cxd4 15. exd4 Rfc8 16. g4 Nd7 17. Nxd7 Qxd7 18. f4 Re8 19. Rf3 Qc7 20. Qf2 g6 21. Qh4 f5 22. Re2 Qf7 23. Rfe3 Bc6 24. gxf5 exf5 25. Re7 1-0

[Event "GBR-ch111 Over 65"]
[Site "Liverpool"]
[Date "2025.08.05"]
[Round "2.24"]
[White "Kelly, Ian G"]
[Black "Wright, George A"]
[Result "1-0"]
[WhiteElo "1953"]
[BlackElo "1540"]
[PlyCount "47"]
[EventDate "2025.08.04"]
[EventType "swiss"]
[EventRounds "7"]
[EventCountry "GBR"]
[SourceTitle "BritBase"]
[Source "John Saunders"]
[SourceDate "2025.08.11"]
[SourceVersion "1"]
[SourceVersionDate "2025.08.11"]
[SourceQuality "1"]

1. Nf3 d5 2. c4 c6 3. b3 Bg4 4. Bb2 Bxf3 5. exf3 e6 6. g3 Nf6 7. Bg2 Bd6 8. d4 c5 9. Nd2 Nbd7 10. O-O Qc7 11. Re1 O-O-O 12. f4 h5 13. cxd5 Nxd5 14. dxc5 Bxf4 15. Ne4 Rdg8 16. gxf4 Qxf4 17. Nd6+ Kb8 18. Qf3 Nxc5 19. Qxf4 Nxf4 20. Nxf7 Rh7 21. Be5+ Kc8 22. Bxf4 Nd3 23. Ng5 Rh6 24. Re4 1-0

[Event "GBR-ch111 Over 65"]
[Site "Liverpool"]
[Date "2025.08.05"]
[Round "2.25"]
[White "Myall, Ivan J"]
[Black "Tedd, Bernie"]
[Result "1-0"]
[WhiteElo "1938"]
[BlackElo "1740"]
[PlyCount "69"]
[EventDate "2025.08.04"]
[EventType "swiss"]
[EventRounds "7"]
[EventCountry "GBR"]
[SourceTitle "BritBase"]
[Source "John Saunders"]
[SourceDate "2025.08.11"]
[SourceVersion "1"]
[SourceVersionDate "2025.08.11"]
[SourceQuality "1"]

1. Nc3 Nf6 2. e4 d6 3. d4 g6 4. f4 Bg7 5. Nf3 b6 6. Bb5+ c6 7. Bd3 Ba6 8. Bxa6 Nxa6 9. Qe2 Nc7 10. O-O O-O 11. a4 Qc8 12. Kh1 a5 13. Be3 Qa6 14. Qe1 b5 15. e5 Nfd5 16. Nxd5 Nxd5 17. Bd2 b4 18. Ng5 e6 19. Qh4 h6 20. Ne4 dxe5 21. fxe5 Qe2 22. Rf3 Ne7 23. Re1 g5 24. Qh5 Qc4 25. c3 bxc3 26. bxc3 Nd5 27. Bxg5 f5 28. exf6 Nxf6 29. Nxf6+ Kh8 30. Qg6 Rxf6 31. Bxf6 Bxf6 32. Qxh6+ Kg8 33. Qxf6 Ra7 34. Rg3+ Kh7 35. Qh4# 1-0

[Event "GBR-ch111 Over 65"]
[Site "Liverpool"]
[Date "2025.08.05"]
[Round "2.26"]
[White "Phillips, William"]
[Black "Kennaugh, Charles W"]
[Result "0-1"]
[WhiteElo "1832"]
[BlackElo "2203"]
[PlyCount "68"]
[EventDate "2025.08.04"]
[EventType "swiss"]
[EventRounds "7"]
[EventCountry "GBR"]
[SourceTitle "BritBase"]
[Source "John Saunders"]
[SourceDate "2025.08.11"]
[SourceVersion "1"]
[SourceVersionDate "2025.08.11"]
[SourceQuality "1"]

1. d4 d5 2. Nf3 Nf6 3. e3 c5 4. Be2 Nc6 5. O-O Bf5 6. c3 cxd4 7. exd4 h6 8. h3 e6 9. Bf4 Be7 10. Bd3 Ne4 11. Ne5 Bg5 12. Nxc6 bxc6 13. Bh2 O-O 14. Bxe4 Bxe4 15. Nd2 Bxd2 16. Qxd2 Qe7 17. b4 a5 18. a3 Ra7 19. Ra2 Rfa8 20. Rfa1 Rb7 21. Qf4 f6 22. Qd6 Qe8 23. Qf4 Bd3 24. Re1 axb4 25. Rd2 bxa3 26. Rxd3 a2 27. Rdd1 Qg6 28. Ra1 Rb1 29. Qe3 Rxa1 30. Qxe6+ Kh8 31. Rxa1 Qb1+ 32. Qe1 Qxe1+ 33. Rxe1 a1=Q 34. Rxa1 Rxa1# 0-1

[Event "GBR-ch111 Over 65"]
[Site "Liverpool"]
[Date "2025.08.05"]
[Round "2.27"]
[White "Dennis, Nigel W"]
[Black "Orton, Stephen LA"]
[Result "0-1"]
[WhiteElo "1824"]
[BlackElo "2137"]
[PlyCount "64"]
[EventDate "2025.08.04"]
[EventType "swiss"]
[EventRounds "7"]
[EventCountry "GBR"]
[SourceTitle "BritBase"]
[Source "John Saunders"]
[SourceDate "2025.08.11"]
[SourceVersion "1"]
[SourceVersionDate "2025.08.11"]
[SourceQuality "1"]

1. e4 c5 2. Nf3 Nc6 3. d4 cxd4 4. Nxd4 Nf6 5. Nc3 d6 6. Be2 e6 7. O-O Be7 8. Be3 O-O 9. f4 a6 10. a4 Qc7 11. Kh1 Bd7 12. Bf3 Na5 13. Qe2 Nc4 14. Bc1 Rab8 15. b3 Ne5 16. Bb2 Nxf3 17. Qxf3 b5 18. axb5 axb5 19. f5 b4 20. fxe6 bxc3 21. exf7+ Rxf7 22. Bxc3 Rbf8 23. Qd3 Nxe4 24. Rxf7 Rxf7 25. Qxe4 Qxc3 26. Ra8+ Bf8 27. Kg1 Qd2 28. Nf3 d5 29. Nxd2 dxe4 30. Rd8 e3 31. Nf3 Bc6 32. Ne1 e2 0-1

[Event "GBR-ch111 Over 65"]
[Site "Liverpool"]
[Date "2025.08.05"]
[Round "2.28"]
[White "Clissold, Julian C"]
[Black "Armstrong, William G"]
[Result "0-1"]
[WhiteElo "1654"]
[BlackElo "1875"]
[PlyCount "72"]
[EventDate "2025.08.04"]
[EventType "swiss"]
[EventRounds "7"]
[EventCountry "GBR"]
[SourceTitle "BritBase"]
[Source "John Saunders"]
[SourceDate "2025.08.11"]
[SourceVersion "1"]
[SourceVersionDate "2025.08.11"]
[SourceQuality "1"]

1. d4 Nf6 2. c4 g6 3. Nc3 Bg7 4. e4 d6 5. Nf3 O-O 6. Be2 e5 7. O-O Nc6 8. d5 Ne7 9. Ne1 Nd7 10. Be3 f5 11. f3 f4 12. Bf2 g5 13. b4 Nf6 14. Nd3 Ng6 15. Rc1 Rf7 16. c5 Bf8 17. cxd6 Bxd6 18. Nb5 a6 19. Nxd6 cxd6 20. Nb2 g4 21. Nc4 g3 22. hxg3 fxg3 23. Bxg3 Nh5 24. Bf2 Ngf4 25. Ne3 Nxe2+ 26. Qxe2 Nf4 27. Qd1 Qg5 28. g4 Nh3+ 29. Kg2 Nxf2 30. Kxf2 Bd7 31. Rg1 Raf8 32. Rg3 Qh4 33. Nf5 Bxf5 34. gxf5+ Rg7 35. Qg1 Kh8 36. Qg2 Rfg8 0-1

[Event "GBR-ch111 Over 65"]
[Site "Liverpool"]
[Date "2025.08.05"]
[Round "2.29"]
[White "Sage, Geoffrey W"]
[Black "Hall, Alan A"]
[Result "1-0"]
[WhiteElo "1960"]
[BlackElo "1824"]
[PlyCount "63"]
[EventDate "2025.08.04"]
[EventType "swiss"]
[EventRounds "7"]
[EventCountry "GBR"]
[SourceTitle "BritBase"]
[Source "John Saunders"]
[SourceDate "2025.08.11"]
[SourceVersion "1"]
[SourceVersionDate "2025.08.11"]
[SourceQuality "1"]

1. e4 e5 2. Nf3 Nf6 3. d4 Nxe4 4. Bd3 d5 5. Nxe5 Nd7 6. O-O Bd6 7. f4 O-O 8. c4 c6 9. Qc2 Ndf6 10. Nc3 Nxc3 11. bxc3 dxc4 12. Nxc4 Be7 13. h3 h5 14. Ne5 c5 15. Qa4 cxd4 16. cxd4 a6 17. Bb2 Bd7 18. Qb3 Be6 19. Qd1 h4 20. f5 Bd5 21. Rf4 Nh7 22. Rg4 Bf6 23. Qd2 Re8 24. a4 Rc8 25. Rf1 Qb6 26. Nd7 Qd6 27. Nxf6+ Qxf6 28. Qf2 Qe7 29. f6 Nxf6 30. Qxf6 Qe3+ 31. Rf2 g6 32. Rxh4 1-0

[Event "GBR-ch111 Over 65"]
[Site "Liverpool"]
[Date "2025.08.05"]
[Round "2.30"]
[White "Pugh, Glyn D"]
[Black "Campbell, Ian"]
[Result "0-1"]
[WhiteElo "1824"]
[BlackElo "1952"]
[PlyCount "100"]
[EventDate "2025.08.04"]
[EventType "swiss"]
[EventRounds "7"]
[EventCountry "GBR"]
[SourceTitle "BritBase"]
[Source "John Saunders"]
[SourceDate "2025.08.11"]
[SourceVersion "1"]
[SourceVersionDate "2025.08.11"]
[SourceQuality "1"]

1. d4 g6 2. e4 Bg7 3. Nf3 d6 4. Be2 e6 5. O-O Ne7 6. c4 O-O 7. Nc3 b6 8. Be3 Bb7 9. Qd2 Nd7 10. Rad1 Nf6 11. e5 Ne4 12. Nxe4 Bxe4 13. exd6 cxd6 14. Bh6 Rc8 15. Bxg7 Kxg7 16. Qf4 Bxf3 17. Qxf3 d5 18. b3 Qd6 19. Qg3 Rfd8 20. Rd2 a5 21. Rc1 dxc4 22. Qxd6 Rxd6 23. bxc4 Rcd8 24. Rcd1 Nf5 25. d5 exd5 26. cxd5 Kf6 27. Bc4 Rc8 28. Ba6 Rc5 29. g4 Nh4 30. Rd3 Kg5 31. h3 f5 32. Kh2 Rc2 33. Kg1 fxg4 34. Rg3 h5 35. hxg4 hxg4 36. a3 Nf5 37. Rb3 Rc5 38. Bb7 Ne7 39. Rdb1 Kf5 40. Rxb6 Rxb6 41. Rxb6 Nxd5 42. Bxd5 Rxd5 43. Ra6 g5 44. Kg2 Kf4 45. Rf6+ Rf5 46. Re6 Rb5 47. Ra6 g3 48. Rc6 gxf2 49. Rf6+ Ke4 50. Kxf2 Rf5+ 0-1

[Event "GBR-ch111 Over 65"]
[Site "Liverpool"]
[Date "2025.08.05"]
[Round "2.31"]
[White "Punnett, Alan K"]
[Black "Mak, Janos"]
[Result "1-0"]
[WhiteElo "1919"]
[BlackElo "1804"]
[PlyCount "103"]
[EventDate "2025.08.04"]
[EventType "swiss"]
[EventRounds "7"]
[EventCountry "GBR"]
[SourceTitle "BritBase"]
[Source "John Saunders"]
[SourceDate "2025.08.11"]
[SourceVersion "1"]
[SourceVersionDate "2025.08.11"]
[SourceQuality "1"]

1. e4 e5 2. Nf3 Nc6 3. d4 exd4 4. Nxd4 Bc5 5. Nxc6 Qf6 6. Qf3 Qxf3 7. gxf3 dxc6 8. Rg1 g6 9. Be3 Bxe3 10. fxe3 Bd7 11. Nd2 O-O-O 12. Bc4 f6 13. O-O-O Ne7 14. Nb3 b6 15. Rd2 b5 16. Bd3 Be6 17. Nc5 Bf7 18. Rgd1 g5 19. a4 Rd6 20. axb5 cxb5 21. Bxb5 Be8 22. Ba6+ Kb8 23. Rxd6 cxd6 24. Rxd6 f5 25. Ne6 Bc6 26. Nd4 Kc7 27. Re6 Kd7 28. exf5 Rf8 29. Nxc6 Nxc6 30. Bb5 Rxf5 31. Rxc6 Rxb5 32. Rh6 Ra5 33. Rxh7+ Ke6 34. Kd2 Kf5 35. h4 Kg6 36. Rh8 Rf5 37. Rg8+ Kh7 38. Rxg5 Rxf3 39. Rd5 Rf7 40. Kd3 Kg6 41. b4 Rh7 42. h5+ Kh6 43. c4 Rb7 44. b5 Rb6 45. Kd4 a5 46. Kc5 Re6 47. b6 a4 48. b7 Re8 49. Kb4 a3 50. Kxa3 Rxe3+ 51. Kb4 Re1 52. Rb5 1-0

[Event "GBR-ch111 Over 65"]
[Site "Liverpool"]
[Date "2025.08.05"]
[Round "2.32"]
[White "Tidmarsh, David A"]
[Black "Hutchinson, Norman A"]
[Result "0-1"]
[WhiteElo "1776"]
[BlackElo "1914"]
[PlyCount "48"]
[EventDate "2025.08.04"]
[EventType "swiss"]
[EventRounds "7"]
[EventCountry "GBR"]
[SourceTitle "BritBase"]
[Source "John Saunders"]
[SourceDate "2025.08.11"]
[SourceVersion "1"]
[SourceVersionDate "2025.08.11"]
[SourceQuality "1"]

1. e4 c6 2. d4 d5 3. e5 Bf5 4. h4 h5 5. Bd3 Bxd3 6. Qxd3 e6 7. Bg5 Qb6 8. Nd2 c5 9. dxc5 Bxc5 10. Nh3 Nc6 11. Nf3 Qxb2 12. O-O Qa3 13. Qe2 Qa4 14. c3 Nge7 15. Nf4 Nf5 16. Rab1 b6 17. Rfe1 Ng3 18. Qb2 Ne4 19. Nh3 Ba3 20. Qb3 Qxb3 21. Rxb3 Bc5 22. Be3 Na5 23. Rb2 Bxe3 24. Rxe3 Nc4 0-1

[Event "GBR-ch111 Over 65"]
[Site "Liverpool"]
[Date "2025.08.05"]
[Round "2.33"]
[White "Ewart, Brian R"]
[Black "Prince, Alan R"]
[Result "0-1"]
[WhiteElo "1906"]
[BlackElo "1791"]
[PlyCount "84"]
[EventDate "2025.08.04"]
[EventType "swiss"]
[EventRounds "7"]
[EventCountry "GBR"]
[SourceTitle "BritBase"]
[Source "John Saunders"]
[SourceDate "2025.08.11"]
[SourceVersion "1"]
[SourceVersionDate "2025.08.11"]
[SourceQuality "1"]

1. d4 Nf6 2. c4 g6 3. Nc3 Bg7 4. e4 d6 5. Bg5 Na6 6. f4 O-O 7. Nf3 Bg4 8. Be2 c6 9. O-O Nc7 10. e5 Nfe8 11. Qd2 h6 12. Bh4 Bxf3 13. Rxf3 dxe5 14. fxe5 Bxe5 15. Qxh6 Bxd4+ 16. Kh1 Bg7 17. Qe3 Nf6 18. Rd1 Qe8 19. h3 Rd8 20. Qxa7 Rxd1+ 21. Nxd1 Qa8 22. Qb6 Ne6 23. Ra3 Qb8 24. Bg3 Qc8 25. Rd3 Ne4 26. Qe3 N6c5 27. Ra3 Rd8 28. b4 Nxg3+ 29. Qxg3 Ne4 30. Qf3 Ng5 31. Qe3 Ne6 32. Rd3 Nd4 33. Bg4 f5 34. Bf3 e5 35. Rd2 Nxf3 36. Rxd8+ Qxd8 37. Qxf3 Qd2 38. b5 Qe1+ 39. Kh2 e4 40. Qb3 Be5+ 41. g3 Bd4 42. c5+ Kg7 0-1

[Event "GBR-ch111 Over 65"]
[Site "Liverpool"]
[Date "2025.08.05"]
[Round "2.34"]
[White "Barnes, David"]
[Black "Marks, Ian A"]
[Result "0-1"]
[WhiteElo "1758"]
[BlackElo "1904"]
[PlyCount "136"]
[EventDate "2025.08.04"]
[EventType "swiss"]
[EventRounds "7"]
[EventCountry "GBR"]
[SourceTitle "BritBase"]
[Source "John Saunders"]
[SourceDate "2025.08.11"]
[SourceVersion "1"]
[SourceVersionDate "2025.08.11"]
[SourceQuality "1"]

1. e4 e6 2. c4 d5 3. cxd5 exd5 4. Qb3 c6 5. e5 Qb6 6. Qxb6 axb6 7. d4 Bf5 8. Nf3 Na6 9. a3 Nb4 10. Kd2 Nc2 11. Ra2 Nxd4 12. Nxd4 Bxb1 13. Ra1 Bg6 14. Bd3 Bc5 15. Nf5 Bxf5 16. Bxf5 Ne7 17. Bg4 Bxf2 18. Rf1 Bd4 19. e6 fxe6 20. Bxe6 Rf8 21. Rxf8+ Kxf8 22. Kc2 Be5 23. Bd2 Nc8 24. Re1 Bxh2 25. Rh1 Be5 26. Rxh7 Ke7 27. Bg4 Nd6 28. Bg5+ Kf7 29. Rh3 Kg6 30. Bc1 Rf8 31. Bh5+ Kf6 32. b3 Ne4 33. Bg4 Ke7 34. Rf3 Rxf3 35. gxf3 Nd6 36. a4 Kf6 37. Kd3 Nf5 38. Be3 c5 39. Bf2 Bd6 40. Bg1 g6 41. Bf2 Ke7 42. Bg1 Kd7 43. Be3 Kc6 44. Bd2 b5 45. axb5+ Kxb5 46. Bc3 c4+ 47. bxc4+ dxc4+ 48. Ke4 Ng3+ 49. Kd5 Bb4 50. Bd7+ Ka5 51. Kxc4 Bxc3 52. Kxc3 Kb6 53. Kb4 g5 54. Bg4 Nf1 55. Kb3 Nh2 56. Bh5 Kc5 57. Kc3 b5 58. Kd3 Nf1 59. Bf7 Ng3 60. Be6 Kd6 61. Bg8 Ke5 62. Ke3 Nf5+ 63. Kf2 Kf4 64. Bd5 Nd4 65. Bg8 b4 66. Bc4 b3 67. Bd3 b2 68. Bg6 Nc6 0-1

[Event "GBR-ch111 Over 65"]
[Site "Liverpool"]
[Date "2025.08.05"]
[Round "2.35"]
[White "Stinson, William James"]
[Black "Binks, Michael E"]
[Result "0-1"]
[WhiteElo "1720"]
[BlackElo "1894"]
[PlyCount "48"]
[EventDate "2025.08.04"]
[EventType "swiss"]
[EventRounds "7"]
[EventCountry "GBR"]
[SourceTitle "BritBase"]
[Source "John Saunders"]
[SourceDate "2025.08.11"]
[SourceVersion "1"]
[SourceVersionDate "2025.08.11"]
[SourceQuality "1"]

1. e4 c6 2. Nc3 d5 3. Nf3 d4 4. Ne2 c5 5. Ng3 g6 6. Bc4 Bg7 7. d3 Nc6 8. a3 Nf6 9. h3 e6 10. Ng5 h6 11. Nf3 Qc7 12. O-O Bd7 13. Nh2 h5 14. f4 O-O-O 15. e5 Ng8 16. Ne4 Bf8 17. Nf3 Be7 18. b4 cxb4 19. axb4 Bxb4 20. Ba3 Bxa3 21. Rxa3 Be8 22. Nd6+ Rxd6 23. exd6 Qxd6 24. Ne5 Qxa3 0-1